Stone in the Answers - Statistics

General Stats
  • This quiz has been taken 43,218 times
    12,460 since last reset
  • The average score is 12 of 20
Answer Stats
Clue Answer % Correct
Caveman times The Stone Age
97%
National park which has a supervolcano underneath it Yellowstone
97%
English landmark dating back to 3100 BC Stonehenge
95%
Mick Jagger's band The Rolling Stones
93%
Let he who is without sin throw the ____ ____ First stone
77%
She won Oscars for "La La Land" and "Poor Things" Emma Stone
75%
The key to deciphering hieroglyphics Rosetta Stone
75%
Ye olde street paving material Cobblestone
71%
First stone set when constructing a building Cornerstone
58%
Cathedral builder Stonemason
58%
What the Ten Commandments were written on Stone tablets
58%
Kiss this Irish stone to get the "gift of the gab" Blarney Stone
55%
Calcium carbonate Limestone
51%
Doctor that Stanley presumably found in Africa David Livingstone
50%
Fake jewel worn on rock & roll costumes Rhinestone
47%
Central stone in an arch Keystone
43%
Archaic way of saying sulphur Brimstone
39%
Town in Arizona where the O.K. Corral shootout happened Tombstone
39%
Can turn base metals into gold Philosopher's Stone
35%
Stone with Old Norse writing on it Runestone
35%
No matching quizzes found
Score Distribution
Percent of People with Each Score
Percentile by Number Answered
Your Score History
You have not taken this quiz since the last reset